[Event "Gulf Coast op 8th"]
[Site "Estero"]
[Date "2023.01.07"]
[Round "1"]
[White "Yisrael, Shama"]
[Black "Ngo, Bach"]
[Result "0-1"]
[WhiteElo "1770"]
[BlackElo "2295"]
[PlyCount "62"]
[EventDate "2023.01.07"]
[EventType "swiss"]
[EventRounds "5"]
[EventCountry "USA"]
[SourceTitle "CBM 212 Extra"]
[Source "ChessBase"]
[SourceDate "2023.03.31"]
[SourceVersion "1"]
[SourceVersionDate "2023.03.31"]
[SourceQuality "1"]

1. d4 Nf6 2. c4 e6 3. Nc3 Bb4 4. e3 0-0 5. Nge2 Re8 6. a3 Bf8 7. Ng3 d5 8. Be2 Nbd7 9. 0-0 c6 10. Bd2 dxc4 11. Bxc4 b5 12. Ba2 Bb7 13. e4 c5 14. Bg5 h6 15. Bxf6 Nxf6 16. dxc5 Bxc5 17. Qc2 Qb6 18. Rad1 Rac8 19. Bb1 Qc6 20. Rd3 a5 21. Rf3 Bd4 22. Qd3 Red8 23. Qd2 b4 24. axb4 axb4 25. Na2 Ng4 26. Qf4 Ne5 27. Rb3 Ba6 28. Rc1 Qd6 29. Nxb4 g5 30. Qd2 Bxf2+ 31. Qxf2 Rxc1+ 0-1